000 003950000a22001690004500
003 LK-CoMWRAF
008 230817t ||||| |||| 00| 0 eng d
040 _aLK-CoMWRAF
_dLK-CoMWRAF
_eLK-CoMWRAF
041 _aeng
082 _a302
_bSIV
100 _aSiva, Vanthana
245 _aUyirodu ullava
_b
260 _aMadras
_bSAB
_Y1994
300 _ap.296
650 _awomen in India
942 _cBK
999 _c2841
_d2841